De l'expatriation pénitentiaire (Record no. 54102)

MARC details
000 -LEADER
campo de control de longitud fija 00610nam a22001695i 4500
001 - NÚMERO DE CONTROL
campo de control 54102
003 - IDENTIFICADOR DE NÚMERO DE CONTROL
campo de control ES-MaACL
005 - FECHA Y HORA DE LA ÚLTIMA TRANSACCIÓN
campo de control 20230906162909.0
007 - CAMPO FIJO DE DESCRIPCIÓN FÍSICA--INFORMACIÓN GENERAL
campo de control de longitud fija t|
008 - DATOS DE LONGITUD FIJA--INFORMACIÓN GENERAL
campo de control de longitud fija 960715s1853 fr |||| | fre d
100 1# - ENTRADA PRINCIPAL--NOMBRE DE PERSONA
Nombre de persona Ferrus, G.
9 (RLIN) 50605
245 10 - MENCIÓN DEL TÍTULO
Título De l'expatriation pénitentiaire
Resto del título : pour faire suite a l'ouvrage Des prisonniers, de l'emprisonnement et des prisons /
Mención de responsabilidad, etc. par G. Ferrus.
260 ## - PUBLICACIÓN, DISTRIBUCIÓN, ETC.
Lugar de publicación, distribución, etc. Paris :
Nombre del editor, distribuidor, etc. Germer Bailliére,
Fecha de publicación, distribución, etc. 1853 (
Lugar de fabricación/manufactura Corbeil :
Fabricante typ. et stér. de Crété)
300 ## - DESCRIPCIÓN FÍSICA
Extensión [7], 204, [2] p. ;
Dimensiones 22 cm.
650 ## - PUNTO DE ACCESO ADICIONAL DE MATERIA--TÉRMINO DE MATERIA
Término de materia o nombre geográfico como elemento de entrada Exilio (Penas)
9 (RLIN) 167518
852 ## - LOCALIZACIÓN
Ubicación ES-MaACL
Número de control de estantería D-265
Nota libre . - Donativo Lastres
Holdings
Estatus retirado Estado de pérdida Estado de daño No para préstamo Colección Biblioteca de origen Biblioteca actual Ubicación en estantería Fecha de adquisición Fuente de adquisición Total de préstamos Signatura topográfica completa Código de barras Visto por última vez Precio de reemplazo Tipo de ítem Koha
        Libros del s. XIX Biblioteca del Ateneo de Madrid Biblioteca del Ateneo de Madrid Sala Valle Inclán 17/01/2008     D-265 901056859 23/02/2023 23/02/2023 Libro impreso antiguo